| 000 | 00969nam a2200265 i 4500 | ||
|---|---|---|---|
| 001 | 186438 | ||
| 003 | ES-MaACL | ||
| 005 | 20260508132704.0 | ||
| 008 | 161114s1988 be |||| |dspa d | ||
| 020 | _a2-87027-265-0 | ||
| 080 | _a929 Proust, Marcel | ||
| 080 | _a929 Gide, André | ||
| 100 | 1 |
_aProust, Marcel, _d1871-1922 _994056 |
|
| 245 | 1 | 0 |
_aAutour de "La Recherche" _b: letters / _cMarcel Proust, André Gide ; préface de Pierre Assouline. |
| 260 |
_a[Bruxelles] : _bComplexe, _c[1988] |
||
| 300 |
_aXXX, 122 p. ; _c18 cm. |
||
| 490 | 1 |
_aLe regard littéraire ; _v20 |
|
| 600 | 1 | 7 |
_aProust, Marcel, _d1871-1922- _vCorrespondencia _9161228 |
| 600 | 1 | 7 |
_aGide, André, _d1869-1951- _vCorrespondencia _9161227 |
| 700 | 1 |
_aGide, André, _d1869-1951 _956674 |
|
| 700 |
_aAssouline, Pierre, _d1953-.... _9239236 |
||
| 830 | 0 |
_aLe regard littéraire ; _v20 _9192557 |
|
| 852 |
_aES-MaACL _jL-30796 _z. - Donat. Miguel A. Velasco |
||
| 999 |
_c186438 _d186438 |
||